00993nam a22002537a 45000010005000000030006000050050017000110080041000280200018000690400029000870500017001160820011001331000024001442450080001682500038002482600034002863000040003205050007003605200273003675210018006405210018006586500032006766500031007087547FISKH20250723154926.0250723b cb ||||| |||| 00| 0 eng d a9780545470636 aFISKHbengcFISKHdFISKH a PZ7.F9224 D a 813.6 aFry, Jasond(1969-) aStar wars :bThe clone wars /cDarth Maul Shadow Consipiracy ; By Jason Fry aThis edition first published 2012 aNew York :bScholastic,c2012 a184 pages :billustrations ;c20 cm aZ  aDarth Maul--the infamous villain of Star Wars: Episode I The Phantom Menace--is back, and he wants vengeance against his most hated enemy: Obi-Wan Kenobi. When Darth Maul reunites with Savage Opress, the two Sith brothers threaten to unleash terror across the galaxy! 8 a960 bLexile 8 aZ bRaz-Plus  2Chapter bookaBajio Library 2Star WarsaScience fiction